000
00240nam a2200097Ia 4500
001
710605
005
20250826162752.0
008
250824s9999 xx 000 0 und d
245
0
_a
22/11/63
_c
STEPHEN KİNG
260
_b
ALTIN KİTAPLAR YAYINEVİ
999
_c
710605
_d
710605